Дізнання по злочинах у сфері оподаткування: процесуальні та організаційні аспекти (Запис № 459222)

МАРК-запис
000 -Лідер
fixed length control field 03338nam a22002657a 4500
001 - Контрольний номер
control field 216217412
003 - Ідентифікатор контрольного номера
control field UA-OsUOA
005 - Дата та час останнього входження (трансакції)
control field 20201118193433.0
008 - Елементи даних фіксованої довжини – загальна інформація
fixed length control field 200513b un ||||| m||| 00| 0 ukr d
040 ## - Джерело каталогізації
Агенція оригінальної каталогізації UA-OsUOA
Мова каталогізації ukr
Агенція, яка здійснювала перезапис UA-OsUOA
Агенція, яка здійснювала модифікацію UA-OsUOA
041 ## - Код мови
Код мови тексту/ звукової доріжки чи окремого заголовка (П) ukr
080 ## - Індекс Універсальної десяткової класифікації
Індекс Універсальної десяткової класифікації (УДК) (НП) 343.23.1:336.227.2
090 ## - Локальний шифр розміщення
Класифікаційний індекс УДК 343.23.1:336.227.2
095 ## - Код спеціальності для авторефератів
Код спеціальності 12.00.09
Назва спеціальності кримінальний процес та криміналістика; судова експертиза; оперативно-розшукова діяльність
100 ## - Основне введення – ім’я особи
Ім’я особи (НП) Галян С. В.
245 ## - Відомості про назву
Назва (НП) Дізнання по злочинах у сфері оподаткування: процесуальні та організаційні аспекти
Дані про відповідальність (НП) Галян Сергій Володимирович ; наук. керівник Цимбал Петро Васильович
260 ## - Публікація, розповсюдження і т.п. (Вихідні дані)
Місце публікації, розповсюдження і т.п. (П) Ірпінь
Дата публікації, розповсюдження і т.п. (П) 2012
300 ## - Фізичний опис
Обсяг 16 с.
502 ## - Примітка про дисертацію
Зв'язок Автореферат дисертації на здобуття наукового ступеня кандидата юридичних наук<br/>
Наймення інституції, що представляється Національний університет державної податкової служби України
Рік отримання вченого ступеня 2012
520 ## - Резюме і т.п.
Резюме, реферат, анотація, тощо (НП) У дисертації досліджено і проаналізовано з періоду Київської Русі до нашого часу виникнення та розвиток фіскальних органів, що займалися збором податків, виявляли осіб, які ухилялися від їх сплати та реагували на такі порушення.<br/>Проведено аналіз діяльності податкової міліції, як органу дізнання. Показано її роль у виявленні злочинів у сфері оподаткування та наповненні державного бюджету.<br/>Досліджено органи дізнання з часів Російської імперії до нашого часу, їх функції, повноваження та роль у боротьбі з податковою злочинністю.<br/>Проведено дослідження податкових злочинів, способів їх вчинення. Дано авторське визначення "податкового злочину" та "способу його вчинення".<br/>Розглянуто особливості проведення першочергових слідчих дій при провадженні дізнання по злочинах вчинених у сфері оподаткування.<br/>Показана роль і значення існуючих інформаційних технологій, інформаційно-аналітичних, довідкових автоматизованих систем у виявленні, розслідуванні та попередженні злочинів у сфері оподаткування.
650 ## - Додаткове предметне введення – тематичний термін
Джерело заголовка чи терміна UDC
Тематичний термін чи географічна назва, як елемент введення (НП) 343 Кримінальне право. Карні порушення
942 ## - Додаткові елементи входу (Коха)
Source of classification or shelving scheme Universal Decimal Classification
Тип елемента Koha Автореферат
955 ## - Код типу видання за змістом
Код типу видання за змістом (НП) Наукові видання

Немає доступних примірників.